<?xml version="1.0" encoding="UTF-8"?>
<record
    xmlns:xsi="http://www.w3.org/2001/XMLSchema-instance"
    xsi:schemaLocation="http://www.loc.gov/MARC21/slim http://www.loc.gov/standards/marcxml/schema/MARC21slim.xsd"
    xmlns="http://www.loc.gov/MARC21/slim">

  <leader>01198nam a22002057a 4500</leader>
  <controlfield tag="005">20230603124923.0</controlfield>
  <controlfield tag="008">230603b           ||||| |||| 00| 0 eng d</controlfield>
  <datafield tag="020" ind1=" " ind2=" ">
    <subfield code="a">0099445492</subfield>
  </datafield>
  <datafield tag="040" ind1=" " ind2=" ">
    <subfield code="c">AL</subfield>
  </datafield>
  <datafield tag="041" ind1=" " ind2=" ">
    <subfield code="a">eng</subfield>
  </datafield>
  <datafield tag="082" ind1=" " ind2=" ">
    <subfield code="2">23</subfield>
    <subfield code="a">917.931</subfield>
    <subfield code="b">JONO</subfield>
  </datafield>
  <datafield tag="100" ind1=" " ind2=" ">
    <subfield code="a">Belinda Jones</subfield>
    <subfield code="9">119373</subfield>
  </datafield>
  <datafield tag="245" ind1=" " ind2=" ">
    <subfield code="a">On the road to Mr Right</subfield>
  </datafield>
  <datafield tag="260" ind1=" " ind2=" ">
    <subfield code="a">London</subfield>
    <subfield code="b">Arrow Books</subfield>
    <subfield code="c">2004</subfield>
  </datafield>
  <datafield tag="300" ind1=" " ind2=" ">
    <subfield code="a">x,499p.</subfield>
    <subfield code="b">PB</subfield>
    <subfield code="c">17x11cm.</subfield>
  </datafield>
  <datafield tag="520" ind1=" " ind2=" ">
    <subfield code="a">Belinda loves America. Her best friend Emily loves men. So when they decide it&#x2019;s time to shake up their lives, they combine their two greatest passions in a fantastic road trip taking them from Eden to Valentine &#x2014; via Climax &#x2014; in pursuit of the American Dream Guy.
There&#x2019;s no shortage of men &#x2014; a Casanova from Cazenovia, a tattooed trucker form Kissimmee, a Princeton-educated skipper from Weddington. But is romance really the answer to their problems? And is two women in search of the perfect man such a great idea anyway?
Theirs is a journey of revelations and surprises, of cactus kisses and errant snowploughs, but above all it&#x2019;s a journey in search of love.</subfield>
  </datafield>
  <datafield tag="650" ind1=" " ind2=" ">
    <subfield code="a">Travel In America</subfield>
    <subfield code="9">119374</subfield>
  </datafield>
  <datafield tag="700" ind1=" " ind2=" ">
    <subfield code="a">JONES (Belinda)</subfield>
    <subfield code="9">119375</subfield>
  </datafield>
  <datafield tag="942" ind1=" " ind2=" ">
    <subfield code="2">ddc</subfield>
    <subfield code="c">DB</subfield>
  </datafield>
  <datafield tag="999" ind1=" " ind2=" ">
    <subfield code="c">227399</subfield>
    <subfield code="d">227399</subfield>
  </datafield>
  <datafield tag="952" ind1=" " ind2=" ">
    <subfield code="0">0</subfield>
    <subfield code="1">0</subfield>
    <subfield code="2">ddc</subfield>
    <subfield code="4">0</subfield>
    <subfield code="7">0</subfield>
    <subfield code="8">ENG</subfield>
    <subfield code="a">AL</subfield>
    <subfield code="b">AL</subfield>
    <subfield code="d">2023-06-01</subfield>
    <subfield code="l">0</subfield>
    <subfield code="o">917.931 JONO</subfield>
    <subfield code="p">D04926</subfield>
    <subfield code="r">2023-06-03 00:00:00</subfield>
    <subfield code="w">2023-06-03</subfield>
    <subfield code="y">DB</subfield>
    <subfield code="z">Donated by Thilak Desingh Used Book Factory</subfield>
  </datafield>
</record>
